Statistics for Debate

Click here to take the quiz!

General Stats

  • This quiz has been taken 29 times
  • The average score is 6 of 10

Answer Stats

QuestionAnswer% Correct
Is cereal a soupNo
92%
Coke or PepsiCoke
84%
Gif or Jif? Which pronunciation?Gif
68%
PlayStation or XboxPlayStation
68%
Which came first, the chicken or the eggChicken
60%
IPhone or AndroidIPhone
56%
What continent is Cyprus in?Asia
52%
Is Hawaiian pizza good(pizza with pineapples)?Yes
40%
Does a straw have one hole or two hole?Two holes
36%
Is hotdog a sandwichYes
36%

Score Distribution

Percentile by Number Answered

Percent of People with Each Score

Your Score History

You have not taken this quiz